[Event "Campeonato de España Universitario 2024"]
[Site "Zaragoza, Spain"]
[Date "2024.04.22"]
[Round "1.1"]
[White "Quispe Arteaga, Gabriel"]
[Black "De Lomas Busquets, Alba"]
[Result "1-0"]
[WhiteFideId "32059809"]
[BlackFideId "24585289"]
[WhiteElo "2398"]
[BlackElo "1947"]

1. c4 {[%clk 00:15:08]} {[%emt 00:00:10]} e5 {[%clk 00:15:15]} {[%emt
00:00:06]} 2. g3 {[%clk 00:15:00]} {[%emt 00:00:19]} Nc6 {[%clk 00:15:21]}
{[%emt 00:00:04]} 3. Bg2 {[%clk 00:15:06]} {[%emt 00:00:03]} Nf6 {[%clk
00:15:28]} {[%emt 00:00:03]} 4. d3 {[%clk 00:15:06]} {[%emt 00:00:10]} Bc5
{[%clk 00:15:17]} {[%emt 00:00:21]} 5. Nf3 {[%clk 00:14:52]} {[%emt 00:00:25]}
d6 {[%clk 00:15:24]} {[%emt 00:00:03]} 6. Nc3 {[%clk 00:14:57]} {[%emt
00:00:04]} h6 {[%clk 00:15:17]} {[%emt 00:00:17]} 7. Na4 {[%clk 00:15:02]}
{[%emt 00:00:05]} Bb4+ {[%clk 00:15:12]} {[%emt 00:00:15]} 8. Bd2 {[%clk
00:15:10]} {[%emt 00:00:02]} a5 {[%clk 00:14:19]} {[%emt 00:01:03]} 9. O-O
{[%clk 00:14:58]} {[%emt 00:00:21]} Bxd2 {[%clk 00:14:02]} {[%emt 00:00:27]} 10.
Nxd2 {[%clk 00:11:44]} {[%emt 00:03:24]} O-O {[%clk 00:13:53]} {[%emt
00:00:19]} 11. a3 {[%clk 00:11:37]} {[%emt 00:00:17]} Bd7 {[%clk 00:12:14]}
{[%emt 00:01:48]} 12. Nc3 {[%clk 00:11:37]} {[%emt 00:00:09]} Qc8 {[%clk
00:12:11]} {[%emt 00:00:13]} 13. Nb5 {[%clk 00:11:46]} {[%emt 00:00:02]} Na7
{[%clk 00:11:00]} {[%emt 00:01:22]} 14. Nc3 {[%clk 00:10:48]} {[%emt 00:01:07]}
Bh3 {[%clk 00:10:53]} {[%emt 00:00:16]} 15. e3 {[%clk 00:10:56]} {[%emt
00:00:02]} Bxg2 {[%clk 00:09:32]} {[%emt 00:01:31]} 16. Kxg2 {[%clk 00:11:04]}
{[%emt 00:00:02]} Nc6 {[%clk 00:09:41]} {[%emt 00:00:02]} 17. Qf3 {[%clk
00:11:00]} {[%emt 00:00:14]} Re8 {[%clk 00:09:04]} {[%emt 00:00:47]} 18. Rac1
{[%clk 00:10:23]} {[%emt 00:00:47]} Qd7 {[%clk 00:08:42]} {[%emt 00:00:33]} 19.
Rc2 {[%clk 00:09:22]} {[%emt 00:01:11]} Rad8 {[%clk 00:08:16]} {[%emt
00:00:36]} 20. Rfc1 {[%clk 00:09:29]} {[%emt 00:00:02]} d5 {[%clk 00:07:08]}
{[%emt 00:01:19]} 21. cxd5 {[%clk 00:09:37]} {[%emt 00:00:02]} Nxd5 {[%clk
00:07:17]} {[%emt 00:00:01]} 22. Nce4 {[%clk 00:09:46]} {[%emt 00:00:01]} Nde7
{[%clk 00:05:43]} {[%emt 00:01:44]} 23. Nc5 {[%clk 00:09:42]} {[%emt 00:00:13]}
Qc8 {[%clk 00:05:51]} {[%emt 00:00:01]} 24. Nb1 {[%clk 00:08:06]} {[%emt
00:01:46]} b6 {[%clk 00:05:31]} {[%emt 00:00:31]} 25. Ne4 {[%clk 00:08:14]}
{[%emt 00:00:02]} Rxd3 {[%clk 00:05:04]} {[%emt 00:00:38]} 26. Rxc6 {[%clk
00:08:11]} {[%emt 00:00:13]} Nxc6 {[%clk 00:05:13]} 27. Rxc6 {[%clk 00:08:20]}
{[%emt 00:00:01]} f5 {[%clk 00:04:51]} {[%emt 00:00:32]} 28. Ned2 {[%clk
00:07:14]} {[%emt 00:01:16]} Qd7 {[%clk 00:04:53]} {[%emt 00:00:08]} 29. Rc2
{[%clk 00:07:22]} {[%emt 00:00:02]} c5 {[%clk 00:03:34]} {[%emt 00:01:29]} 30.
Nc4 {[%clk 00:07:09]} {[%emt 00:00:23]} Qd8 {[%clk 00:03:18]} {[%emt 00:00:26]}
31. Qc6 {[%clk 00:06:24]} {[%emt 00:00:54]} Rd1 {[%clk 00:03:00]} {[%emt
00:00:29]} 32. Nc3 {[%clk 00:06:24]} {[%emt 00:00:10]} Rd3 {[%clk 00:02:42]}
{[%emt 00:00:29]} 33. Nb5 {[%clk 00:05:33]} {[%emt 00:01:01]} f4 {[%clk
00:02:43]} {[%emt 00:00:09]} 34. Qe4 {[%clk 00:04:00]} {[%emt 00:01:43]} fxg3
{[%clk 00:02:38]} {[%emt 00:00:15]} 35. hxg3 {[%clk 00:04:06]} {[%emt
00:00:05]} Rd1 {[%clk 00:02:21]} {[%emt 00:00:27]} 36. Nc3 {[%clk 00:04:04]}
{[%emt 00:00:12]} Rd7 {[%clk 00:02:18]} {[%emt 00:00:14]} 37. a4 {[%clk
00:03:59]} {[%emt 00:00:15]} Rf7 {[%clk 00:02:27]} 38. Rd2 {[%clk 00:03:58]}
{[%emt 00:00:11]} Qf6 {[%clk 00:02:18]} {[%emt 00:00:19]} 39. Nd6 {[%clk
00:02:28]} {[%emt 00:01:39]} Rd8 {[%clk 00:02:26]} {[%emt 00:00:02]} 40. Qd5
{[%clk 00:01:52]} {[%emt 00:00:46]} Kh7 {[%emt 00:01:11]} 41. Qe4+ {[%clk
00:01:06]} {[%emt 00:00:53]} Kg8 {[%clk 00:01:32]} {[%emt 00:00:06]} 42. Ncb5
{[%clk 00:01:15]} {[%emt 00:00:02]} Rfd7 {[%clk 00:01:18]} {[%emt 00:00:23]} 43.
Qc4+ {[%clk 00:01:24]} {[%emt 00:00:01]} Kh7 {[%clk 00:01:17]} {[%emt
00:00:11]} 44. Ne4 {[%clk 00:01:18]} {[%emt 00:00:15]} Qc6 {[%clk 00:01:20]}
{[%emt 00:00:07]} 45. Rxd7 {[%clk 00:01:27]} {[%emt 00:00:01]} Rxd7 {[%clk
00:01:30]} 46. Nbc3 {[%clk 00:01:36]} {[%emt 00:00:01]} Rd8 {[%clk 00:01:18]}
{[%emt 00:00:22]} 47. Qf7 {[%clk 00:01:35]} {[%emt 00:00:10]} Qg6 {[%clk
00:01:06]} {[%emt 00:00:22]} 48. Qc7 {[%clk 00:01:18]} {[%emt 00:00:27]} Rf8
{[%clk 00:01:13]} {[%emt 00:00:04]} 49. Qxe5 {[%clk 00:01:16]} {[%emt
00:00:11]} Qf7 {[%clk 00:01:15]} {[%emt 00:00:08]} 50. Kg1 {[%clk 00:00:42]}
{[%emt 00:00:44]} Qf3 {[%clk 00:00:54]} {[%emt 00:00:31]} 51. Qd5 {[%clk
00:00:47]} {[%emt 00:00:05]} Rf5 {[%clk 00:00:45]} {[%emt 00:00:19]} 52. Qd1
{[%clk 00:00:52]} {[%emt 00:00:04]} Qxd1+ {[%clk 00:00:49]} {[%emt 00:00:07]}
53. Nxd1 {[%clk 00:01:00]} {[%emt 00:00:01]} c4 {[%clk 00:00:43]} {[%emt
00:00:17]} 54. Ndc3 {[%clk 00:01:06]} {[%emt 00:00:04]} Kg8 {[%clk 00:00:38]}
{[%emt 00:00:15]} 55. Kg2 {[%clk 00:01:14]} {[%emt 00:00:02]} g6 {[%clk
00:00:35]} {[%emt 00:00:12]} 56. g4 {[%clk 00:01:21]} {[%emt 00:00:03]} Rf7
{[%clk 00:00:38]} {[%emt 00:00:07]} 57. Nd5 {[%clk 00:01:18]} {[%emt 00:00:12]}
Rb7 {[%clk 00:00:39]} {[%emt 00:00:10]} 58. Nd6 {[%clk 00:01:26]} {[%emt
00:00:02]} Rb8 {[%clk 00:00:35]} {[%emt 00:00:14]} 59. Nxc4 {[%clk 00:01:34]}
{[%emt 00:00:03]} b5 {[%clk 00:00:42]} {[%emt 00:00:03]} 60. Ne7+ {[%clk
00:01:24]} {[%emt 00:00:18]} Kg7 {[%clk 00:00:45]} {[%emt 00:00:08]} 61. Nc6
{[%clk 00:01:32]} {[%emt 00:00:03]} Rb7 {[%clk 00:00:36]} {[%emt 00:00:20]} 62.
Nd6 {[%clk 00:01:33]} {[%emt 00:00:09]} Rb6 {[%clk 00:00:36]} {[%emt 00:00:11]}
63. axb5 {[%clk 00:01:40]} {[%emt 00:00:02]} a4 {[%clk 00:00:42]} {[%emt
00:00:04]} 64. e4 {[%clk 00:01:44]} {[%emt 00:00:05]} Kf6 {[%clk 00:00:46]}
{[%emt 00:00:06]} 65. e5+ {[%clk 00:01:51]} {[%emt 00:00:04]} Ke6 {[%clk
00:00:51]} {[%emt 00:00:05]} 66. f4 {[%clk 00:01:53]} {[%emt 00:00:08]} Kd5
{[%clk 00:00:53]} {[%emt 00:00:08]} 67. f5 {[%clk 00:01:56]} {[%emt 00:00:07]}
gxf5 {[%clk 00:00:59]} {[%emt 00:00:04]} 68. gxf5 {[%clk 00:02:05]} {[%emt
00:00:01]} Kc5 {[%clk 00:01:03]} {[%emt 00:00:06]} 69. f6 {[%clk 00:02:10]}
{[%emt 00:00:05]} Kd5 {[%clk 00:00:43]} {[%emt 00:00:30]} 70. f7 {[%clk
00:02:18]} {[%emt 00:00:02]} 1-0

[Event "Campeonato de España Universitario 2024"]
[Site "Zaragoza, Spain"]
[Date "2024.04.22"]
[Round "1.2"]
[White "Reguillaga Elias, Manex"]
[Black "Lianes Garcia, Marcos"]
[Result "0-1"]
[WhiteFideId "24516341"]
[BlackFideId "32060777"]
[WhiteElo "1946"]
[BlackElo "2388"]

1. d4 {[%clk 00:15:17]} {[%emt 00:00:03]} g6 {[%clk 00:15:17]} {[%emt
00:00:03]} 2. c4 {[%clk 00:15:24]} {[%emt 00:00:02]} Bg7 {[%clk 00:15:26]}
{[%emt 00:00:01]} 3. Nf3 {[%clk 00:15:32]} {[%emt 00:00:02]} c5 {[%clk
00:15:35]} 4. d5 {[%clk 00:15:40]} {[%emt 00:00:03]} d6 {[%clk 00:15:45]} 5. e4
{[%clk 00:15:37]} {[%emt 00:00:13]} e5 {[%clk 00:15:53]} {[%emt 00:00:02]} 6.
g3 {[%clk 00:13:29]} {[%emt 00:02:18]} Ne7 {[%clk 00:16:02]} {[%emt 00:00:01]}
7. Bg2 {[%clk 00:13:37]} {[%emt 00:00:02]} O-O {[%clk 00:16:08]} {[%emt
00:00:03]} 8. O-O {[%clk 00:13:45]} {[%emt 00:00:03]} h6 {[%clk 00:16:14]}
{[%emt 00:00:05]} 9. Nh4 {[%clk 00:13:20]} {[%emt 00:00:34]} f5 {[%clk
00:15:58]} {[%emt 00:00:26]} 10. f4 {[%clk 00:12:43]} {[%emt 00:00:47]} exf4
{[%clk 00:15:20]} {[%emt 00:00:48]} 11. gxf4 {[%clk 00:12:49]} {[%emt
00:00:05]} Kh7 {[%clk 00:13:26]} {[%emt 00:02:04]} 12. Qe1 {[%clk 00:11:00]}
{[%emt 00:01:59]} fxe4 {[%clk 00:12:31]} {[%emt 00:01:06]} 13. Bxe4 {[%clk
00:11:05]} {[%emt 00:00:05]} Nf5 {[%clk 00:12:25]} {[%emt 00:00:15]} 14. Nxf5
{[%clk 00:10:35]} {[%emt 00:00:40]} Bxf5 {[%clk 00:12:26]} {[%emt 00:00:09]} 15.
Bxf5 {[%clk 00:10:23]} {[%emt 00:00:22]} Rxf5 {[%clk 00:12:28]} {[%emt
00:00:08]} 16. Qg3 {[%clk 00:08:33]} {[%emt 00:02:00]} Nd7 {[%clk 00:12:16]}
{[%emt 00:00:22]} 17. Re1 {[%clk 00:08:33]} {[%emt 00:00:10]} Nf6 {[%clk
00:08:09]} {[%emt 00:04:17]} 18. Re6 {[%clk 00:08:29]} {[%emt 00:00:14]} Qd7
{[%clk 00:08:03]} {[%emt 00:00:16]} 19. Nc3 {[%clk 00:04:20]} {[%emt 00:04:19]}
Re8 {[%clk 00:08:09]} {[%emt 00:00:04]} 20. Qe3 {[%clk 00:04:28]} {[%emt
00:00:02]} Nxd5 {[%clk 00:07:10]} {[%emt 00:01:09]} 21. Rxd6 {[%clk 00:02:33]}
{[%emt 00:02:06]} Qxd6 {[%clk 00:06:20]} {[%emt 00:01:01]} 22. Qxe8 {[%clk
00:02:40]} {[%emt 00:00:02]} Nxc3 {[%clk 00:05:58]} {[%emt 00:00:32]} 23. bxc3
{[%clk 00:02:22]} {[%emt 00:00:28]} Bxc3 {[%clk 00:05:24]} {[%emt 00:00:44]} 24.
Rb1 {[%clk 00:02:30]} {[%emt 00:00:02]} Qd1+ {[%clk 00:05:30]} {[%emt
00:00:04]} 25. Kg2 {[%clk 00:01:34]} {[%emt 00:01:07]} Qc2+ {[%clk 00:05:16]}
{[%emt 00:00:24]} 26. Bd2 {[%clk 00:01:29]} {[%emt 00:00:15]} Qxd2+ {[%clk
00:02:59]} {[%emt 00:02:27]} 27. Kh1 {[%clk 00:01:37]} {[%emt 00:00:02]} b6
{[%clk 00:03:07]} {[%emt 00:00:02]} 28. Rg1 {[%clk 00:00:29]} {[%emt 00:01:19]}
Qd6 {[%clk 00:03:12]} {[%emt 00:00:05]} 0-1

[Event "Campeonato de España Universitario 2024"]
[Site "Zaragoza, Spain"]
[Date "2024.04.22"]
[Round "1.3"]
[White "Lopez Mulet, Inigo"]
[Black "Villalba Embid, Marcos"]
[Result "1-0"]
[WhiteFideId "22235620"]
[BlackFideId "24505277"]
[WhiteElo "2335"]
[BlackElo "1945"]

1. Nf3 {[%clk 00:15:07]} {[%emt 00:00:12]} d6 {[%clk 00:14:52]} {[%emt
00:00:28]} 2. d4 {[%clk 00:15:05]} {[%emt 00:00:13]} g6 {[%clk 00:14:21]}
{[%emt 00:00:41]} 3. c4 {[%clk 00:13:54]} {[%emt 00:01:20]} Bg7 {[%clk
00:14:24]} {[%emt 00:00:07]} 4. Nc3 {[%clk 00:14:00]} {[%emt 00:00:04]} Nf6
{[%clk 00:14:11]} {[%emt 00:00:23]} 5. g3 {[%clk 00:13:51]} {[%emt 00:00:20]}
O-O {[%clk 00:13:37]} {[%emt 00:00:44]} 6. Bg2 {[%clk 00:14:00]} {[%emt
00:00:01]} Nc6 {[%clk 00:13:33]} {[%emt 00:00:15]} 7. O-O {[%clk 00:14:03]}
{[%emt 00:00:06]} a6 {[%clk 00:13:38]} {[%emt 00:00:04]} 8. d5 {[%clk
00:13:57]} {[%emt 00:00:16]} Na5 {[%clk 00:13:45]} {[%emt 00:00:04]} 9. b3
{[%clk 00:14:03]} {[%emt 00:00:04]} c5 {[%clk 00:12:40]} {[%emt 00:01:14]} 10.
dxc6 {[%clk 00:14:11]} {[%emt 00:00:02]} Nxc6 {[%clk 00:10:39]} {[%emt
00:02:11]} 11. Bb2 {[%clk 00:14:20]} {[%emt 00:00:02]} Qa5 {[%clk 00:09:13]}
{[%emt 00:01:35]} 12. Qd2 {[%clk 00:12:16]} {[%emt 00:02:14]} Qh5 {[%clk
00:08:35]} {[%emt 00:00:49]} 13. h4 {[%clk 00:11:24]} {[%emt 00:01:02]} Bd7
{[%clk 00:07:35]} {[%emt 00:01:10]} 14. Ng5 {[%clk 00:11:10]} {[%emt 00:00:23]}
h6 {[%clk 00:07:28]} {[%emt 00:00:17]} 15. Nge4 {[%clk 00:09:05]} {[%emt
00:02:15]} Nxe4 {[%clk 00:06:34]} {[%emt 00:01:04]} 16. Nxe4 {[%clk 00:09:12]}
{[%emt 00:00:03]} Bxb2 {[%clk 00:06:32]} {[%emt 00:00:12]} 17. Qxb2 {[%clk
00:09:20]} {[%emt 00:00:02]} Ne5 {[%clk 00:05:28]} {[%emt 00:01:14]} 18. Rfd1
{[%clk 00:04:17]} {[%emt 00:05:13]} Bc6 {[%clk 00:04:18]} {[%emt 00:01:20]} 19.
Nc3 {[%clk 00:04:25]} {[%emt 00:00:02]} Rad8 {[%clk 00:03:21]} {[%emt
00:01:07]} 20. Nd5 {[%clk 00:04:29]} {[%emt 00:00:07]} Bxd5 {[%clk 00:03:11]}
{[%emt 00:00:21]} 21. Rxd5 {[%clk 00:04:37]} {[%emt 00:00:01]} Qg4 {[%clk
00:02:57]} {[%emt 00:00:24]} 22. Rad1 {[%clk 00:04:39]} {[%emt 00:00:08]} Nd7
{[%clk 00:02:27]} {[%emt 00:00:39]} 23. R5d4 {[%clk 00:04:24]} {[%emt
00:00:24]} Qf5 {[%clk 00:01:55]} {[%emt 00:00:42]} 24. Bxb7 {[%clk 00:04:31]}
{[%emt 00:00:03]} Nc5 {[%clk 00:01:41]} {[%emt 00:00:24]} 25. Bf3 {[%clk
00:04:39]} {[%emt 00:00:02]} Rb8 {[%clk 00:01:45]} {[%emt 00:00:07]} 26. Rd5
{[%clk 00:04:12]} {[%emt 00:00:36]} Qe6 {[%clk 00:01:40]} {[%emt 00:00:15]} 27.
Qd2 {[%clk 00:03:57]} {[%emt 00:00:25]} Kg7 {[%clk 00:01:47]} {[%emt 00:00:02]}
28. Kg2 {[%clk 00:03:44]} {[%emt 00:00:23]} Qf6 {[%clk 00:01:42]} {[%emt
00:00:16]} 29. Qc2 {[%clk 00:03:32]} {[%emt 00:00:22]} a5 {[%clk 00:01:36]}
{[%emt 00:00:16]} 30. h5 {[%clk 00:03:21]} {[%emt 00:00:21]} a4 {[%clk
00:01:27]} {[%emt 00:00:19]} 31. Rb1 {[%clk 00:02:25]} {[%emt 00:01:06]} axb3
{[%clk 00:01:35]} {[%emt 00:00:03]} 32. axb3 {[%clk 00:02:34]} Rb4 {[%clk
00:01:44]} {[%emt 00:00:01]} 33. e4 {[%clk 00:01:31]} {[%emt 00:01:13]} Nd7
{[%clk 00:01:40]} {[%emt 00:00:14]} 34. Be2 {[%clk 00:00:59]} {[%emt 00:00:42]}
Rfb8 {[%clk 00:01:39]} {[%emt 00:00:11]} 35. Rd3 {[%clk 00:00:39]} {[%emt
00:00:30]} Ne5 {[%clk 00:01:24]} {[%emt 00:00:25]} 36. Re3 {[%clk 00:00:46]}
{[%emt 00:00:03]} Nc6 {[%clk 00:01:29]} {[%emt 00:00:04]} 37. Bd1 {[%clk
00:00:38]} {[%emt 00:00:19]} Nd4 {[%clk 00:01:34]} {[%emt 00:00:05]} 38. Qd2
{[%clk 00:00:30]} {[%emt 00:00:17]} e5 {[%clk 00:01:39]} {[%emt 00:00:05]} 39.
Rc3 {[%clk 00:00:33]} {[%emt 00:00:07]} Qe7 {[%clk 00:01:38]} {[%emt 00:00:11]}
40. Qe3 {[%clk 00:00:25]} {[%emt 00:00:18]} Qe6 {[%clk 00:01:32]} {[%emt
00:00:16]} 41. Ra1 {[%clk 00:00:30]} {[%emt 00:00:05]} Qd7 {[%clk 00:01:16]}
{[%emt 00:00:27]} 42. Ra5 {[%clk 00:00:22]} {[%emt 00:00:18]} Qb7 {[%clk
00:01:04]} {[%emt 00:00:22]} 43. Rd5 {[%clk 00:00:31]} Qb6 {[%clk 00:01:13]}
{[%emt 00:00:01]} 44. hxg6 {[%clk 00:00:27]} {[%emt 00:00:14]} fxg6 {[%clk
00:01:22]} {[%emt 00:00:01]} 45. c5 {[%clk 00:00:34]} {[%emt 00:00:03]} dxc5
{[%clk 00:00:28]} {[%emt 00:01:04]} 46. Rd7+ {[%clk 00:00:40]} {[%emt
00:00:03]} Kf6 {[%clk 00:00:37]} {[%emt 00:00:01]} 47. Qxh6 {[%clk 00:00:47]}
{[%emt 00:00:03]} Qe6 {[%clk 00:00:28]} {[%emt 00:00:20]} 48. Qh4+ {[%clk
00:00:55]} {[%emt 00:00:02]} 1-0

[Event "Campeonato de España Universitario 2024"]
[Site "Zaragoza, Spain"]
[Date "2024.04.22"]
[Round "1.4"]
[White "Magarino Carralero, Daylin"]
[Black "Quintin Navarro, Alberto"]
[Result "0-1"]
[WhiteFideId "3521940"]
[BlackFideId "2292688"]
[WhiteElo "1935"]
[BlackElo "2310"]

1. c4 {[%clk 00:15:19]} {[%emt 00:00:01]} Nf6 {[%clk 00:15:02]} {[%emt
00:00:18]} 2. g3 {[%clk 00:15:25]} {[%emt 00:00:04]} g6 {[%clk 00:15:10]}
{[%emt 00:00:02]} 3. Bg2 {[%clk 00:15:34]} Bg7 {[%clk 00:15:19]} {[%emt
00:00:02]} 4. Nc3 {[%clk 00:15:43]} O-O {[%clk 00:15:27]} {[%emt 00:00:03]} 5.
d3 {[%clk 00:15:52]} {[%emt 00:00:01]} d6 {[%clk 00:15:35]} {[%emt 00:00:02]} 6.
e4 {[%clk 00:16:01]} {[%emt 00:00:02]} c5 {[%clk 00:15:41]} {[%emt 00:00:03]} 7.
Nge2 {[%clk 00:16:10]} {[%emt 00:00:02]} Nc6 {[%clk 00:15:50]} {[%emt
00:00:01]} 8. h3 {[%clk 00:16:17]} {[%emt 00:00:03]} Ne8 {[%clk 00:15:54]}
{[%emt 00:00:06]} 9. O-O {[%clk 00:16:21]} {[%emt 00:00:06]} Nc7 {[%clk
00:16:02]} {[%emt 00:00:02]} 10. f4 {[%clk 00:16:08]} {[%emt 00:00:23]} a6
{[%clk 00:16:02]} {[%emt 00:00:11]} 11. Be3 {[%clk 00:16:07]} {[%emt 00:00:10]}
Ne6 {[%clk 00:15:42]} {[%emt 00:00:30]} 12. Qd2 {[%clk 00:15:48]} {[%emt
00:00:30]} Ned4 {[%clk 00:15:16]} {[%emt 00:00:35]} 13. Kh2 {[%clk 00:14:56]}
{[%emt 00:01:02]} Rb8 {[%clk 00:15:09]} {[%emt 00:00:18]} 14. Rf2 {[%clk
00:14:34]} {[%emt 00:00:32]} b5 {[%clk 00:15:10]} {[%emt 00:00:09]} 15. Raf1
{[%clk 00:14:07]} {[%emt 00:00:36]} Nxe2 {[%clk 00:14:07]} {[%emt 00:01:13]} 16.
Rxe2 {[%clk 00:12:53]} {[%emt 00:01:24]} Nd4 {[%clk 00:13:34]} {[%emt
00:00:43]} 17. Ref2 {[%clk 00:12:09]} {[%emt 00:00:54]} f5 {[%clk 00:13:12]}
{[%emt 00:00:32]} 18. b3 {[%clk 00:12:03]} {[%emt 00:00:17]} e6 {[%clk
00:10:58]} {[%emt 00:02:23]} 19. Ne2 {[%clk 00:11:49]} {[%emt 00:00:23]} Bb7
{[%clk 00:10:51]} {[%emt 00:00:17]} 20. Bxd4 {[%clk 00:10:34]} {[%emt
00:01:25]} cxd4 {[%clk 00:10:57]} {[%emt 00:00:04]} 21. cxb5 {[%clk 00:10:12]}
{[%emt 00:00:33]} axb5 {[%clk 00:10:59]} {[%emt 00:00:07]} 22. Qb4 {[%clk
00:10:20]} {[%emt 00:00:02]} Qb6 {[%clk 00:10:32]} {[%emt 00:00:36]} 23. exf5
{[%clk 00:06:26]} {[%emt 00:04:05]} Bxg2 {[%clk 00:10:18]} {[%emt 00:00:24]} 24.
Rxg2 {[%clk 00:06:28]} {[%emt 00:00:08]} exf5 {[%clk 00:09:10]} {[%emt
00:01:17]} 25. Rc1 {[%clk 00:05:55]} {[%emt 00:00:44]} Rfe8 {[%clk 00:08:59]}
{[%emt 00:00:20]} 26. g4 {[%clk 00:04:44]} {[%emt 00:01:21]} fxg4 {[%clk
00:09:03]} {[%emt 00:00:06]} 27. hxg4 {[%clk 00:04:44]} {[%emt 00:00:09]} Re3
{[%clk 00:09:06]} {[%emt 00:00:08]} 28. Qd2 {[%clk 00:03:25]} {[%emt 00:01:29]}
Qd8 {[%clk 00:07:45]} {[%emt 00:01:31]} 29. g5 {[%clk 00:03:17]} {[%emt
00:00:19]} Qd7 {[%clk 00:07:39]} {[%emt 00:00:16]} 30. Ng3 {[%clk 00:03:04]}
{[%emt 00:00:23]} Qg4 {[%clk 00:07:13]} {[%emt 00:00:36]} 31. Qf2 {[%clk
00:01:55]} {[%emt 00:01:18]} Rf8 {[%clk 00:05:26]} {[%emt 00:01:57]} 32. Ne2
{[%clk 00:01:45]} {[%emt 00:00:19]} Rxe2 {[%clk 00:05:20]} {[%emt 00:00:17]} 33.
Qxe2 {[%clk 00:00:59]} {[%emt 00:00:55]} Qxf4+ {[%clk 00:05:29]} {[%emt
00:00:02]} 34. Kh3 {[%clk 00:00:58]} {[%emt 00:00:10]} Qxc1 {[%clk 00:05:35]}
{[%emt 00:00:05]} 35. Qe6+ {[%clk 00:01:00]} {[%emt 00:00:08]} Kh8 {[%clk
00:05:43]} {[%emt 00:00:02]} 36. Qxd6 {[%clk 00:01:03]} {[%emt 00:00:07]} Qh1+
{[%clk 00:04:05]} {[%emt 00:01:48]} 37. Kg3 {[%clk 00:01:07]} {[%emt 00:00:06]}
Qf1 {[%clk 00:03:44]} {[%emt 00:00:31]} 38. Qd5 {[%clk 00:00:53]} {[%emt
00:00:24]} Qxd3+ {[%clk 00:03:44]} {[%emt 00:00:10]} 39. Kh2 {[%clk 00:01:00]}
{[%emt 00:00:02]} Qe3 {[%clk 00:03:42]} {[%emt 00:00:12]} 0-1